L'Estatut d'Autonomia, pacte d'estat : discurs del President de la Generalitat al Parlament de Catalunya en el debat general sobre l'Estatut / Jordi Pujol discurs del President de la Generalitat al Parlament de Catalunya en el debat general sobre l'Estatut / Jordi Pujol
Publicado:
Barcelona :
Generalitat de Catalunya, Departament de la Presidència, Servei Central de Publicacions ,
1987
Descripción Física:
45 p. ; 22 cm
MARC
| LEADER | 00000nam a2200000Ia 4500 | ||
|---|---|---|---|
| 001 | 7587 | ||
| 008 | 160829s1987 xx 000 0 cat d | ||
| 080 | |a M-2-185 | ||
| 110 | 1 | |9 54008 |a Catalunya. |b President (1980-2003 : Pujol) | |
| 245 | |a L'Estatut d'Autonomia, pacte d'estat : |b discurs del President de la Generalitat al Parlament de Catalunya en el debat general sobre l'Estatut / Jordi Pujol | ||
| 260 | |a Barcelona : |b Generalitat de Catalunya, Departament de la Presidència, Servei Central de Publicacions, |c 1987 | ||
| 300 | |a 45 p. ; |c 22 cm | ||
| 490 | |a Paraules del President de la Generalitat ; 10 | ||
| 610 | 1 | 0 | |a Catalunya. |t Estatut d'autonomia (1979) |9 8277 |
| 650 | |a Pujol, Jordi |x Discursos |9 31652 | ||
| 901 | |a Arxiu | ||
| 942 | |n 1 |2 udc | ||
| 952 | |0 0 |1 0 |4 0 |6 M2185 |7 1 |9 45710 |a Arxiu |b Arxiu |d 2016-12-01 |l 0 |o M-2-185 |p 7587 |r 2016-12-01 00:00:00 |w 2016-12-01 |y ARXIU | ||
| 999 | |c 49210 |d 49210 | ||